|
|
|
|
| LEADER |
00790cam a2200217 7i4500 |
| 001 |
0000007477 |
| 005 |
20170218090000.0 |
| 020 |
|
|
|a 9788178083773
|
| 020 |
|
|
|a 8178083779 (pbk.)
|
| 090 |
0 |
0 |
|a TK5105.5
|b .S73 1999
|
| 100 |
1 |
|
|a Stallings, William
|
| 245 |
1 |
0 |
|a SNMP, SNMPv2, SNMPv3, and RMON 1 and 2
|c William Stallings.
|
| 250 |
|
|
|a 3rd ed.
|
| 260 |
|
|
|a Singapore:
|b Pearson Education Asia,
|c 1999.
|
| 300 |
|
|
|a xv, 619 p.:
|b 24 cm.
|
| 500 |
|
|
|a Includes index
|
| 650 |
0 |
0 |
|a Simple network managment protokol (computer network protokol)
|
| 650 |
0 |
0 |
|a Computer network --
|x Management
|
| 650 |
0 |
0 |
|a Computer network protocols --
|x Standards
|
| 997 |
|
|
|a Communication, Visual Art & Computing, Faculty
|b Computing, Department
|
| 999 |
|
|
|a 0000002238
|b BOK
|c OPEN SHELF
|e 2nd Floor, Bestari Jaya
|